Ariana Grande - Chansons commençant par G - Statistiques

Statistiques générales
  • Ce quiz a été pris 33 fois
  • Le résultat moyen est 3 sur 5
Statistiques - réponses
G % Correct
Greedy
85%
Goodnight N Go
70%
Get Well Soon
56%
God is a woman
56%
ghostin
44%
Aucun quiz correspondant
Distribution des résultats
% des personnes avec chaque résultat
Percentile par nombre de réponses
Votre historique - résultats
Vous n’avez pas pris ce quiz